000 00442nam a2200181Ia 4500
003 OSt
005 20230313101508.0
008 210210b1933 xxu||||| |||| 00| 0 eng d
040 _cAL
041 _aeng
082 _a335/245
100 _aPANANDIKAR (S G)
_975131
245 _aIndustrial labour in India
260 _aBombay
_bLongman Green & Co Ltd.,
_c1933
690 _aIndian Economics
_975132
906 _a004587
942 _2ddc
_cBK
999 _c126548
_d126548